|
|
|
|
| LEADER |
00000nam0a2200000 4500 |
| 001 |
34548 |
| 005 |
20231030225741.0 |
| 010 |
|
|
|a 5247010442
|
| 035 |
|
|
|a (RuTPU)RU\TPU\book\34949
|
| 035 |
|
|
|a BOOK00001600
|
| 090 |
|
|
|a 34548
|
| 100 |
|
|
|a 20011210d1991 m y0rusy50 ca
|
| 101 |
0 |
|
|a rus
|
| 102 |
|
|
|a RU
|
| 105 |
|
|
|a y j 000zy
|
| 200 |
1 |
|
|a Электроразведка
|e учебное пособие
|f Ю. В. Якубовский, И. В. Ренард
|
| 205 |
|
|
|a 3-е изд., перераб. и доп.
|
| 210 |
|
|
|a Москва
|c Недра
|d 1991
|
| 215 |
|
|
|a 359 с.
|
| 225 |
1 |
|
|a Высшее образование
|
| 610 |
1 |
|
|a электроразведка
|
| 610 |
1 |
|
|a методы
|
| 610 |
1 |
|
|a полевые работы
|
| 610 |
1 |
|
|a электромагнитные поля
|
| 610 |
1 |
|
|a измерение
|
| 610 |
1 |
|
|a электроразведочная аппаратура
|
| 610 |
1 |
|
|a обработка
|
| 610 |
1 |
|
|a интерпретация
|
| 610 |
1 |
|
|a изображение
|
| 610 |
1 |
|
|a учебные пособия
|
| 675 |
|
|
|a 550.837(075.8)
|v 3
|
| 700 |
|
1 |
|a Якубовский
|b Ю. В.
|g Юрий Владимирович
|
| 701 |
|
1 |
|a Ренард
|b И. В.
|g Игорь Владимирович
|
| 801 |
|
0 |
|a RU
|b 63413507
|c 20011210
|g PSBO
|
| 801 |
|
2 |
|a RU
|b 63413507
|c 20170420
|g PSBO
|
| 900 |
|
|
|a Электроразведка
|
| 900 |
|
|
|a Рудная электроразведка
|
| 942 |
|
|
|c BK
|